000 00561nab#a2200181#c#4500
999 _c19256
_d19256
003 IEF
005 20191211122425.0
008 950704s1975 uuu|| #####0 b| |u
040 _aIEF
_cES-MaIEF
100 1 _aGarcía López, José
_917406
245 _aLa orientación política de la Sociología Financiera
_c José García López
260 _aMadrid
_b Instituto de Estudios Fiscales [IEF]
_c1975
650 4 _aSOCIOLOGIA FINANCIERA
_948474
773 0 _tHacienda pública española
_w34570
_g34, p. 193-197
942 _2udc
942 _2udc